000 00300nam a22001457a 4500
008 221010b ||||| |||| 00| 0 eng d
020 _a9781595620156
041 _aeng
080 _a34
082 _a34
100 _a31
101 _aJUR
245 _aSTRENGTHS FINDER
_cTOM R
942 _2udc
_cBK
999 _c58464
_d58464